000 00573nam a2200205Ia 4500
003 GCL
008 140319s9999 xx 000 0 ara d
040 _aGCL /
_cGCL
082 0 4 _aط
_b549.114
_bو ص
100 1 _aوايت, الان
245 1 0 _aالصخور والمعادن /
_cوايت, الان
700 1 _aسعدالله جويجاتى
260 _a[S.N] :
_bمكتبة لبنان ،
_c1980
300 _a52 ص
490 _aكتب الطبيعة
_v0
650 0 4 _aالاطفال
650 0 4 _aالمعادن
650 0 4 _aالعلوم
942 _2ddc
_cBK
999 _c56431
_d56431